000 01064pab a2200169 454500
008 180718b2011 xxu||||| |||| 00| 0 eng d
100 _aTillin, Louise
245 _aStatehood and the politics of intent
260 _c2011
300 _ap.34-38.
362 _a14 May
520 _aThe creation of new states has generally been seen as an accident of political timing. Local leaders, arguing for or against separate states, are often seen as acting without intent and merely playing politics. This article argues that this is so because of a federal division of responsibility which facilitates state-level politicians to discount responsibility for their stance and encourages them to focus solely on short-term goals. The central government intervention in the debate about Telangana has meant that regional politicians have become less able to discount the future and have instead begun to engage with somewhat greater intent. - Reproduced.
650 _aPolitics and government
773 _aEconomic and Political Weekly
908 _aN
909 _a91432
999 _c91432
_d91432